Normal view MARC view

Entry Topical Term

Number of records used in: 1

001 - CONTROL NUMBER

  • control field: 16783

003 - CONTROL NUMBER IDENTIFIER

  • control field: OSt

005 - DATE AND TIME OF LATEST TRANSACTION

  • control field: 20250709032449.0

008 - FIXED-LENGTH DATA ELEMENTS

  • fixed length control field: 250709|| aca||aabn | a|a d

040 ## - CATALOGING SOURCE

  • Original cataloging agency: OSt
  • Transcribing agency: OSt

150 ## - HEADING--TOPICAL TERM

  • Topical term or geographic name entry element: Bachelor of Science in Industrial Education
  • Form subdivision: Graduates

670 ## - SOURCE DATA FOUND

  • Source citation: Work cat.: (OSt)4031: Dela Cruz, Hilda R., author. 15679, Skills and work attitudes as perceived by the B.S.I.T Graduates major in Electronics S.Y. 1996-1997 to 2000-2001 /, 2003